000 00489cam a2200145 4500500
005 20260329015550.0
041 _afre
042 _adc
100 1 0 _aMoncorgé, Richard
_eauthor
245 0 0 _aPassive saturable absorber materials for short-pulse lasers
260 _c2026.
500 _a50
786 0 _nOptics and photonics | - | 2026-03-05 | p. 18-18
856 4 1 _uhttps://stm.cairn.info/materials-for-optics-and-lasers--bdti42450210-e6362-page-18?lang=en&redirect-ssocas=7080
999 _c1899049
_d1899049